I hate conflict (Record no. 325467)

000 -LEADER
fixed length control field 00365 a2200133 4500
001 - CONTROL NUMBER
control field 90394
082 ## - DEWEY DECIMAL CLASSIFICATION NUMBER
Classification number 303.69 RAF
090 ## - LOCALLY ASSIGNED LC-TYPE CALL NUMBER (OCLC); LOCAL CALL NUMBER (RLIN)
-- 42714
-- 42714
100 ## - MAIN ENTRY--PERSONAL NAME
Personal name Raffel Lee
245 ## - TITLE STATEMENT
Title I hate conflict
Remainder of title seven steps to resolving differences with anyone in your life
260 ## - PUBLICATION, DISTRIBUTION, ETC.
Place of publication, distribution, etc. New York
Name of publisher, distributor, etc. McGraw Hill
Date of publication, distribution, etc. 2008
300 ## - PHYSICAL DESCRIPTION
Extent xiv, 290p.
500 ## - GENERAL NOTE
General note General Collection
942 ## - ADDED ENTRY ELEMENTS (KOHA)
Institution code [OBSOLETE] CAE NUST
Call number prefix 303.69 RAF
Holdings
Withdrawn status Lost status Damaged status Not for loan Collection code Permanent Location Current Location Date acquired Total Checkouts Full call number Barcode Date last seen Price effective from Koha item type
          College of Aeronautical Engineering (CAE) College of Aeronautical Engineering (CAE) 04/03/2017   303.69 RAF CAE86274 04/05/2017 04/05/2017 Book
© 2023 Central Library, National University of Sciences and Technology. All Rights Reserved.